El derecho privado de los pueblos
שמור ב:
| מחבר ראשי: | |
|---|---|
| פורמט: | ספר |
| שפה: | ספרדית |
| יצא לאור: |
Madrid
Revista de Derecho Privado
1957
|
| נושאים: | |
| תגים: |
הוספת תג
אין תגיות, היה/י הראשונ/ה לתייג את הרשומה!
|
MARC
| LEADER | 00000nam a2200000 a 4500 | ||
|---|---|---|---|
| 001 | UCR2505 | ||
| 003 | CL-VaPUC | ||
| 008 | 980112e19570000SP |||||||||||||||||spa|d | ||
| 082 | 0 | 4 | |a 346.009 |b DEK |2 21 |
| 100 | 0 | |a Dekkers, René |e author |9 400365 | |
| 245 | 1 | 3 | |a El derecho privado de los pueblos |
| 300 | |a 625 p | ||
| 942 | |c BK | ||
| 945 | |d 19980112 00:00:00 |a crobeson | ||
| 260 | |a Madrid |b Revista de Derecho Privado |c 1957 | ||
| 650 | 0 | |a Derecho privado |9 258243 | |
| 650 | 7 | |a DERECHO |2 CL-VaPUC |9 400366 | |
| 650 | 0 | |a Historia del derecho |9 255109 | |
| 650 | 0 | |a Derechos civiles |9 255655 | |
| 650 | 0 | |a Estado de derecho |9 257795 | |
| 650 | 0 | |a Derecho y política |9 257017 | |
| 650 | 0 | |a Dogmática jurídica |9 337910 | |
| 583 | |a last modification |c 19980112 00:00:00 |k Rodrigo Vera | ||
| 999 | |c 265640 |d 265638 | ||
| 952 | |0 0 |1 0 |4 0 |6 346_009000000000000_DEK_1957 |7 0 |8 DER_HIS |9 296646 |a BIBDER |b BIBDER |d 2019-11-20 |i 1924192 |o 346.009 DEK 1957 |p 1924192 |r 2023-01-25 |w 2019-11-20 |x Ubicación 4to Piso |y BK |z Estos recursos deben solicitarse con anticipación |k DER | ||
| 952 | |0 0 |1 0 |4 0 |6 346_009000000000000_DEK_1957 |7 0 |8 A |9 296647 |a BIBDER |b BIBDER |d 2019-11-20 |i 3489663 |o 346.009 DEK 1957 |p 3489663 |r 2023-01-25 |w 2019-11-20 |y BK |k DER | ||